Analýza vplyvu marketingu na sociálnych sieťach pomocou vybranej webovej analytiky diplomová práca

Gespeichert in:
Bibliographische Detailangaben
1. Verfasser: Strculová, Martina
Körperschaft: Fakulta hospodárskej informatiky EU. Katedra aplikovanej informatiky
Weitere Verfasser: Szivósová, Mária, 1958-
Format: Buch
Sprache:Slowakisch
Veröffentlicht: Bratislava 2017
Tags: Tag hinzufügen
Keine Tags, Fügen Sie das erste Tag hinzu!

MARC

LEADER 00000nbm a2200000 4500
001 0232925
005 20180413101241.0
041 0 |a slo 
044 |a SK 
245 1 0 |a Analýza vplyvu marketingu na sociálnych sieťach pomocou vybranej webovej analytiky  |b diplomová práca  |c Martina Strculová ; školiteľ: Mária Szivósová 
264 1 |a Bratislava  |c 2017 
300 |a 86 s. 
100 1 |a Strculová, Martina 
700 1 |a Szivósová, Mária, 1958- 
710 2 |a Fakulta hospodárskej informatiky EU. Katedra aplikovanej informatiky